| 000 | 00605nam a2200169Ia 4500 | ||
|---|---|---|---|
| 008 | 220216s9999 xx 000 0 und d | ||
| 100 | _aTan A G | ||
| 245 | 0 | _aRubber wood for parquet manufacture | |
| 260 |
_bPlanters' Bulletin _c1980 |
||
| 300 | _a81-87 | ||
| 520 | _aThe article presents a brief account on the development of rubber wood paraquet, the procedure of its manufacture, the method of installation of paraquet on the floor and the feasibility of this industry etc. | ||
| 650 | _aParquet manufacture | ||
| 650 | _aRubberwood | ||
| 700 | _aAli Sujan | ||
| 700 | _aKhoo T C | ||
| 942 | _cBO | ||
| 999 |
_c48092 _d48092 |
||